00266nam a2200109 a 450000500170000000800410001705000180005810000190007624500110009526000440010644000060015020140414131905.0100927s19uu xx 00 eng d aFICbSp1 1998 aSpyri, Johanna aHeidi. aNew York :bDover publications,c1998. a